01627 2200637 4500001002100000005001500021035002000036008004100056245004000097100001800137250000600155260003100161300003100192020002200223084001400245520026400259082000800523650001400531990001200545990001200557990001200569990001200581990001200593990001200605990001200617990001200629990001200641990001200653990001200665990001200677990001200689990001200701990001200713990001200725990001200737990001200749990001200761990001200773990001200785990001200797990001200809990001200821990001200833990001200845990001200857990001200869990001200881990001200893990001200905990001200917990001200929990001200941990001200953990001200965990001200977INLIS00000000000000420240430025925 a0010-0324000004240430 0 ind 1 aESPS Kimia Kelas X /cJ.M.C. Johari aJohari, J.M.C a1 aJakarta :bErlangga,c2017 a280 hlm. ;c19.5 x 25.5 cm a978-602-434-267-8 a540 JOH e aBuku Erlangga Straight point Series ESPS KIMIA adalah buku pendalaman materi mata pelajaran Kimia. Disajikan dengan tujuan agar siswa lebih memahami pokok ilmu ilmu alam dalam bidang kimia, dan bahasan serta istilah Kimia yang terdapat dalam uraian setiap bab a540 4aNon Fiksi a0739170 a0739171 a0739172 a0739173 a0739174 a0739175 a0739176 a0739177 a0739178 a0739179 a0739180 a0739181 a0739182 a0739183 a0739184 a0739185 a0739186 a0739187 a0739188 a0739189 a0739190 a0739191 a0739192 a0739193 a0739194 a0739195 a0739196 a0739197 a0739198 a0739199 a0739200 a0739201 a0739202 a0739203 a0739204 a0739205 a0739206